เปลี่ยนเป็นภาษาไทย

Change to English
 แสดงรายละเอียดบรรณานุกรม
  กลับหน้าหลัก

Brief Record : Get Marc (ISO 2709) : E-mail record : QR code ปิดหน้าต่าง
LEADER 01174nam 2200277 a 4500
001    14728
003     ULIBM
008    030417s|||| caua sb 001 0 tha
020    ^aเลขมาตราฐาน
060    ^aเลขเรียก^bอักษรย่อผู้แต่ง
100    ^aผู้แต่ง1
245    ^aชื่อหนังสือ
246    ^aแปลจากเรื่อง
260    ^aสถานที่พิมพ์:^bสำนักพิมพ์,^cปีที่พิมพ์
500    ^aที่มา
650    ^aหัวเรื่อง1\\n หัวเรื่อง2\\n หัวเรื่อง3\\n หัวเรื่อง4\\n หัวเรื่อง5
700    ^aผู้แต่ง2\\n ผู้แต่ง3\\n ผู้แปล
913    ^aImported by ULIBM Administrator
949    ^aImport form external file by ULIBM system
รายการนี้ยังไม่มีแท็ก
คุณยังไม่ได้ล็อกอิน คุณสามารถมีกิจกรรมร่วมกับเว็บไซต์ได้ แต่ต้องล็อกอินก่อน ::
  ล็อกอิน
ลำดับที่ ประเภท เลขเรียก/บาร์โค้ด สถานที่ สถานะ
1. หนังสือ
หนังสือ
 
  Barcode: 0idbook
หนังสือทั่วไป On Shelf
   [แสดง 1/1 รายการ]

รายการใกล้เคียง
    ชื่อเรื่อง [ชื่อหนังสือ]

BibComment


ยังไม่เคยถูกคอมเมนท์

คอมเมนท์ทรัพยากรรายการนี้
  คอมเมนท์: ชื่อหนังสือ
Bib 14728


 Union Library Management : ULibM
Copyright 2026. All Rights Reserved.